000 00876nas a2200289 4500
001 BR0300207
003 BR-BrBNA
005 20231205103436.0
007 ta
008 230509b bl.|||p| |||| 00| 00por d
040 _aBR-BrBNA
_bpor
_cBiblioteca Nacional de Agricultura
041 _a(Pt)
072 _aQ04
100 1 _aCarvalho, A.V.
100 1 _aRios, A. de O.
100 1 _aVilas Boas, E.V. de B.
100 1 _aLima, L.C.O.
245 1 _aInfluência da atmosfera modificada e do CaCl2 sobre a qualidade pós-colheita de tangor 'murcote'
650 _aTANGOR MURCOTT
650 _aQUALIDADE
650 _aPÓS-COLHEITA
650 _aEMBALAGEM
650 _aATMOSFERA
773 0 _tCiência e Agrotecnologia (Brazil)
_xISSN 1413-7054
_g(Jul-Ago 2001), v. 25(4) p. 909-916
_wBR0300207
909 _a202311
_bLúcia
_c55
_dLúcia Elande
942 _2AGRIS
_n0
_cANA
999 _c172884
_d172884